Euroúradníci vymysleli, eurovkladatelia zaplatia
Povinné zapojenie veriteľov do záchrany banky - súčasť pripravovanej smernice, ktorá má predchádzať krízam v banke. Cyperský príklad riešenia krízy - budúci štandard a nové vzťahy v bankovníctve. Vyššia finančná stabilita a ochrana klientov. Kritika pripravovanej smernice. Zvyšovanie úrokov. Úbytok...
Na minha lista:
| Autor principal: | |
|---|---|
| Formato: | Capítulo de Livro |
| Idioma: | eslovaco |
| Assuntos: | |
| Tags: |
Sem tags, seja o primeiro a adicionar uma tag!
|
MARC
| LEADER | 00000naa a2200000 4500 | ||
|---|---|---|---|
| 001 | 0167921 | ||
| 005 | 20231113081628.7 | ||
| 041 | 0 | |a slo | |
| 044 | |a SK | ||
| 245 | 1 | 0 | |a Euroúradníci vymysleli, eurovkladatelia zaplatia |c Martina Kláseková |
| 520 | |a Povinné zapojenie veriteľov do záchrany banky - súčasť pripravovanej smernice, ktorá má predchádzať krízam v banke. Cyperský príklad riešenia krízy - budúci štandard a nové vzťahy v bankovníctve. Vyššia finančná stabilita a ochrana klientov. Kritika pripravovanej smernice. Zvyšovanie úrokov. Úbytok cezhraničných vkladov. Ochrana vkladov na Slovensku. | ||
| 610 | 2 | 0 | |a banky |
| 610 | 2 | 0 | |a kríza |
| 610 | 2 | 0 | |a financie |
| 610 | 2 | 0 | |a vklady |
| 610 | 2 | 0 | |a úrok |
| 610 | 2 | 0 | |a ochrana vkladov |
| 610 | 2 | 0 | |a smernice |
| 610 | 2 | 0 | |a Európska únia |
| 100 | 1 | |a Kláseková, Martina | |